[Event "Pontresina Seniors-HT I"]
[Site "Pontresina"]
[Date "2000.??.??"]
[Round "3"]
[White "Haist, Wolfgang"]
[Black "Kelecevic, Nedeljko"]
[Result "1-0"]
[WhiteElo "2241"]
[BlackElo "2414"]
[PlyCount "71"]
[EventDate "2000.07.13"]
[EventType "swiss"]
[EventRounds "9"]
[EventCountry "SUI"]
[SourceTitle "EXT 2001"]
[Source "ChessBase"]
[SourceDate "2000.11.22"]
[SourceVersion "1"]
[SourceVersionDate "2000.11.22"]
[SourceQuality "1"]

1. e4 e6 2. d4 d5 3. Nc3 Bb4 4. e5 c5 5. a3 Bxc3+ 6. bxc3 Qc7 7. Qg4 f5 8. Qg3 cxd4 9. cxd4 Ne7 10. Bd2 0-0 11. Bd3 b6 12. Ne2 Ba6 13. Nf4 Qd7 14. h4 Bxd3 15. Qxd3 Nbc6 16. 0-0 Rac8 17. a4 Nd8 18. a5 b5 19. a6 Rc4 20. Rfb1 Nec6 21. c3 b4 22. cxb4 Rxd4 23. Qc3 Rc4 24. Qb2 Nf7 25. Nd3 Rb8 26. b5 Qd8 27. Be3 Qc8 28. Bxa7 Nxa7 29. b6 Nd8 30. Qa3 Nac6 31. Qd6 Rxh4 32. b7 Nxb7 33. axb7 Rxb7 34. Rxb7 Qxb7 35. Qxe6+ Kf8 36. Nc5 1-0

[Event "Pontresina Seniors-HT I"]
[Site "Pontresina"]
[Date "2000.??.??"]
[Round "6"]
[White "Raeber, Markus"]
[Black "Haist, Wolfgang"]
[Result "1-0"]
[WhiteElo "2245"]
[BlackElo "2241"]
[PlyCount "53"]
[EventDate "2000.07.13"]
[EventType "swiss"]
[EventRounds "9"]
[EventCountry "SUI"]
[SourceTitle "EXT 2001"]
[Source "ChessBase"]
[SourceDate "2000.11.22"]
[SourceVersion "1"]
[SourceVersionDate "2000.11.22"]
[SourceQuality "1"]

1. e4 c5 2. Nf3 d6 3. d4 cxd4 4. Nxd4 Nf6 5. Nc3 a6 6. Bg5 e6 7. f4 Be7 8. Qf3 Qc7 9. 0-0-0 Nbd7 10. g4 h6 11. Bxf6 Bxf6 12. h4 Nb6 13. g5 Bxd4 14. Rxd4 Bd7 15. Qd3 0-0-0 16. gxh6 gxh6 17. Rxd6 Bc6 18. Rxd8+ Rxd8 19. Qe3 f5 20. Rg1 fxe4 21. Bh3 Kb8 22. Bxe6 Na4 23. Nxa4 Bxa4 24. Qxe4 Bxc2 25. Qxc2 Qxf4+ 26. Kb1 Qe3 27. Rc1 1-0

[Event "Biel MTO op"]
[Site "Biel"]
[Date "1998.??.??"]
[Round "3"]
[White "Haist, Wolfgang"]
[Black "Barbero, Gerardo F"]
[Result "1-0"]
[WhiteElo "2245"]
[BlackElo "2440"]
[PlyCount "70"]
[EventDate "1998.07.21"]
[EventType "swiss"]
[EventRounds "11"]
[EventCountry "SUI"]
[SourceTitle "EXT 1999"]
[Source "ChessBase"]
[SourceDate "1998.11.16"]
[SourceVersion "1"]
[SourceVersionDate "1998.11.16"]
[SourceQuality "1"]

1. e4 c5 2. Nf3 d6 3. d4 cxd4 4. Nxd4 Nf6 5. Nc3 a6 6. Bc4 e6 7. Bb3 b5 8. Be3 Bb7 9. Qf3 Nbd7 10. 0-0-0 Nc5 11. Bd5 exd5 12. exd5 Qd7 13. h3 0-0-0 14. a3 Re8 15. Rhe1 Nfe4 16. Bf4 g5 17. Bh2 g4 18. hxg4 Bh6+ 19. Bf4 Bxf4+ 20. Qxf4 Nxc3 21. Nf5 Na2+ 22. Kb1 Kc7 23. Rh1 h5 24. Rxh5 Rxh5 25. gxh5 Re5 26. g4 Rxd5 27. Rxd5 Bxd5 28. h6 Nb7 29. Qd4 Qe6 30. Ne3 Be4 31. f3 Bh7 32. Nd5+ Kc6 33. Nf6 Bg6 34. f4 Nc5 35. f5 Bh7 1-0

[Event "Baden Casino op 3rd"]
[Site "Baden"]
[Date "1998.??.??"]
[Round "8"]
[White "Haist, Wolfgang"]
[Black "Jurek, Josef"]
[Result "0-1"]
[WhiteElo "2245"]
[BlackElo "2395"]
[PlyCount "81"]
[EventDate "1998.04.10"]
[EventType "swiss"]
[EventRounds "9"]
[EventCountry "SUI"]
[SourceTitle "CBM 064 Extra"]
[Source "ChessBase"]
[SourceDate "1998.07.07"]
[SourceVersion "1"]
[SourceVersionDate "1998.07.07"]
[SourceQuality "1"]

1. e4 e6 2. d4 d5 3. Nc3 Bb4 4. e5 c5 5. a3 Bxc3+ 6. bxc3 Ne7 7. Qg4 0-0 8. Bd3 f5 9. exf6 Rxf6 10. Qh5 h6 11. g4 Nbc6 12. g5 g6 13. Qh3 Rf7 14. Qg3 h5 15. Nf3 Qa5 16. Bd2 c4 17. Be2 Nf5 18. Qg2 Bd7 19. 0-0 Raf8 20. a4 Nd6 21. Nh4 Nxd4 22. Bd1 Ne4 23. Be1 Nf5 24. Nxg6 Rg7 25. Nxf8 Kxf8 26. f4 Ne3 27. Qh3 Nxf1 28. Qxh5 Ne3 29. Qh8+ Rg8 30. Qh6+ Ke8 31. Qh7 Rf8 32. Bh5+ Kd8 33. Rb1 b6 34. g6 Nf5 35. g7 Qc5+ 36. Kh1 Nxg7 37. Qxg7 Rxf4 38. Qh8+ Rf8 39. Qe5 Rf1+ 40. Kg2 Qg1+ 41. Kh3 0-1

[Event "Staufer op 10th"]
[Site "Schwaebisch Gmuend"]
[Date "1998.??.??"]
[Round "2"]
[White "Kalinitschew, Sergey"]
[Black "Haist, Wolfgang"]
[Result "1-0"]
[WhiteElo "2495"]
[BlackElo "2245"]
[PlyCount "59"]
[EventDate "1998.01.??"]
[EventType "swiss"]
[EventRounds "9"]
[EventCountry "GER"]
[SourceTitle "CBM 062 Extra"]
[Source "ChessBase"]
[SourceDate "1998.03.09"]
[SourceVersion "1"]
[SourceVersionDate "1998.03.09"]
[SourceQuality "1"]

1. d4 f5 2. g3 Nf6 3. Bg2 c6 4. c4 d6 5. Nf3 Qc7 6. Bg5 Nbd7 7. d5 Ne4 8. Be3 g6 9. Nbd2 Ndf6 10. dxc6 Bg7 11. Nxe4 fxe4 12. cxb7 Qxb7 13. Nd2 Bf5 14. Qa4+ Kf7 15. Bd4 e5 16. Bc3 h5 17. h3 Bh6 18. e3 Rab8 19. c5 Qd5 20. cxd6 Rhc8 21. Rd1 Bd7 22. Qc2 Qb5 23. Qb3+ Qxb3 24. axb3 Bb5 25. Nxe4 Bc6 26. d7 Nxe4 27. dxc8Q Rxc8 28. 0-0 Ke6 29. Ra1 Bd5 30. Rxa7 1-0

[Event "Biel MTO op"]
[Site "Biel"]
[Date "1997.??.??"]
[Round "11"]
[White "Glienke, Manfred"]
[Black "Haist, Wolfgang"]
[Result "1-0"]
[WhiteElo "2380"]
[BlackElo "2245"]
[PlyCount "69"]
[EventDate "1997.07.21"]
[EventType "swiss"]
[EventRounds "11"]
[EventCountry "SUI"]
[SourceTitle "CBM 060 Extra"]
[Source "ChessBase"]
[SourceDate "1997.11.04"]
[SourceVersion "1"]
[SourceVersionDate "1997.11.04"]
[SourceQuality "1"]

1. d4 d6 2. h3 g6 3. Nf3 Bg7 4. Bf4 f5 5. e3 Nf6 6. Bc4 h6 7. c3 g5 8. Bh2 e6 9. Nbd2 Qe7 10. Qb3 0-0 11. a4 Nc6 12. a5 a6 13. Bd3 Kh8 14. Qc2 Nd5 15. Qb3 g4 16. Ng1 Qg5 17. Nc4 gxh3 18. g3 Rb8 19. Be2 Bd7 20. Nxh3 Qf6 21. Bf3 Nce7 22. Nf4 Bc6 23. Nh5 Qg5 24. Nxg7 Kxg7 25. Qd1 Rbd8 26. Rg1 e5 27. Be2 Nf6 28. f4 Qg6 29. g4 fxg4 30. fxe5 dxe5 31. Nxe5 Qe4 32. Nxg4 Ng6 33. Bd3 Qf3 34. Qxf3 Bxf3 35. Ne5 1-0

[Event "Wuerttemberg-ch"]
[Site "Willsbach"]
[Date "1997.??.??"]
[Round "8"]
[White "Haist, Wolfgang"]
[Black "Duppel, Matthias"]
[Result "0-1"]
[WhiteElo "2245"]
[BlackElo "2315"]
[PlyCount "70"]
[EventDate "1997.??.??"]
[EventType "swiss"]
[EventRounds "9"]
[EventCountry "GER"]
[SourceTitle "EXT 1999"]
[Source "ChessBase"]
[SourceDate "1998.11.16"]
[SourceVersion "1"]
[SourceVersionDate "1998.11.16"]
[SourceQuality "1"]

1. e4 c5 2. Nf3 Nc6 3. d4 cxd4 4. Nxd4 g6 5. Nc3 Bg7 6. Be3 Nf6 7. Be2 0-0 8. Nb3 d6 9. f4 b6 10. Bf3 Bb7 11. Qd2 Nd7 12. 0-0 Nc5 13. Rad1 Qc8 14. Nd5 Re8 15. Nxc5 dxc5 16. e5 f6 17. e6 f5 18. c3 Nd8 19. g4 Nxe6 20. gxf5 Nf8 21. Qg2 Rb8 22. fxg6 Nxg6 23. Be4 e6 24. Bxg6 hxg6 25. Qxg6 exd5 26. f5 Rxe3 27. f6 Qd7 28. f7+ Kf8 29. Rf4 Qe6 30. Qh7 Re1+ 31. Rxe1 Qxe1+ 32. Rf1 Qe3+ 33. Rf2 Qg5+ 34. Rg2 Qc1+ 35. Kf2 Qd2+ 0-1

[Event "Baden Casino op 2nd"]
[Site "Baden"]
[Date "1997.??.??"]
[Round "?"]
[White "Haist, Wolfgang"]
[Black "Kaenel, Hansjuerg"]
[Result "1/2-1/2"]
[WhiteElo "2235"]
[BlackElo "2345"]
[PlyCount "82"]
[EventDate "1997.04.??"]
[EventType "swiss"]
[EventRounds "9"]
[EventCountry "SUI"]
[SourceTitle "EXT 1999"]
[Source "ChessBase"]
[SourceDate "1998.11.16"]
[SourceVersion "1"]
[SourceVersionDate "1998.11.16"]
[SourceQuality "1"]

1. e4 c5 2. Nf3 e6 3. d4 cxd4 4. Nxd4 Nc6 5. Nc3 Qc7 6. Be2 a6 7. 0-0 Nf6 8. Be3 b5 9. Nxc6 dxc6 10. f4 Bb7 11. e5 Rd8 12. Bd3 Nd5 13. Nxd5 Rxd5 14. Qe2 Be7 15. a3 0-0 16. c4 Rd7 17. c5 a5 18. b4 Ra8 19. Bc2 g6 20. g4 Bf8 21. h4 Qd8 22. Qf2 Bc8 23. h5 Qe7 24. Be4 Ra6 25. Qg3 Bg7 26. g5 Bf8 27. Qf3 Rda7 28. Rab1 axb4 29. axb4 Bd7 30. Rfd1 Ra3 31. Kf2 Ra2+ 32. Rd2 Rxd2+ 33. Bxd2 Qd8 34. Bc3 Qa8 35. Qd1 Be8 36. Ra1 Rxa1 37. Qxa1 Qxa1 38. Bxa1 gxh5 39. Kg3 h6 40. Kh4 hxg5+ 41. fxg5 Be7 1/2-1/2

[Event "Biel MTO op"]
[Site "Biel"]
[Date "1997.??.??"]
[Round "5"]
[White "Haist, Wolfgang"]
[Black "Skripchenko, Almira"]
[Result "1-0"]
[WhiteElo "2245"]
[BlackElo "2385"]
[PlyCount "69"]
[EventDate "1997.07.21"]
[EventType "swiss"]
[EventRounds "11"]
[EventCountry "SUI"]
[SourceTitle "CBM 060 Extra"]
[Source "ChessBase"]
[SourceDate "1997.11.04"]
[SourceVersion "1"]
[SourceVersionDate "1997.11.04"]
[SourceQuality "1"]

1. e4 c5 2. Nf3 Nc6 3. Nc3 e6 4. d4 cxd4 5. Nxd4 Nf6 6. Ndb5 Bb4 7. a3 Bxc3+ 8. Nxc3 d5 9. exd5 exd5 10. Bd3 0-0 11. 0-0 h6 12. h3 a6 13. Bf4 d4 14. Ne2 Re8 15. Ng3 Qd5 16. Re1 Rxe1+ 17. Qxe1 Bd7 18. c4 dxc3 19. Qxc3 Be6 20. Re1 Rc8 21. Ne4 Nh5 22. Bh2 Nd4 23. Qd2 Bxh3 24. Qd1 Be6 25. Nd6 Rc7 26. Be4 Qc5 27. Nxb7 Rxb7 28. Bxb7 Nf6 29. Be5 Nf5 30. Qd8+ Kh7 31. Bxf6 gxf6 32. Qxf6 Nd6 33. Bxa6 Qa5 34. Rxe6 fxe6 35. Qe7+ 1-0

[Event "Wuerttemberg-ch"]
[Site "Willsbach"]
[Date "1997.??.??"]
[Round "4"]
[White "Melcher, Wolfgang"]
[Black "Haist, Wolfgang"]
[Result "1/2-1/2"]
[WhiteElo "2255"]
[BlackElo "2245"]
[PlyCount "34"]
[EventDate "1997.??.??"]
[EventType "swiss"]
[EventRounds "9"]
[EventCountry "GER"]
[SourceTitle "EXT 1999"]
[Source "ChessBase"]
[SourceDate "1998.11.16"]
[SourceVersion "1"]
[SourceVersionDate "1998.11.16"]
[SourceQuality "1"]

1. e4 c5 2. Nf3 d6 3. d4 cxd4 4. Nxd4 Nf6 5. Nc3 a6 6. Bg5 Nbd7 7. Qd2 b5 8. Nd5 Bb7 9. f3 e6 10. Nxf6+ gxf6 11. Be3 Qc7 12. 0-0-0 d5 13. exd5 Bxd5 14. Kb1 Rg8 15. Ne2 Ne5 16. Nc3 0-0-0 17. Nxd5 Rxd5 1/2-1/2

[Event "GER-ch 68th"]
[Site "Dudweiler"]
[Date "1996.??.??"]
[Round "2"]
[White "Hetey, Laszlo"]
[Black "Haist, Wolfgang"]
[Result "1-0"]
[WhiteElo "2410"]
[BlackElo "2260"]
[PlyCount "77"]
[EventDate "1996.11.26"]
[EventType "swiss"]
[EventRounds "9"]
[EventCountry "GER"]
[SourceTitle "CBM 055 Extra"]
[Source "ChessBase"]
[SourceDate "1997.01.01"]
[SourceVersion "1"]
[SourceVersionDate "1997.01.01"]
[SourceQuality "1"]

1. d4 Nf6 2. c4 g6 3. Nc3 Bg7 4. e4 0-0 5. Nf3 d6 6. Be2 e5 7. d5 a5 8. Bg5 h6 9. Bh4 Qe8 10. Nd2 Na6 11. 0-0 Bd7 12. a3 b6 13. Rb1 a4 14. Nb5 Bxb5 15. cxb5 Nc5 16. Qc2 Nh5 17. Rfe1 f5 18. f3 Kh8 19. Bf2 Nf4 20. Bf1 Qf7 21. Bxc5 dxc5 22. Rbd1 fxe4 23. fxe4 Qd7 24. Nb1 Qg4 25. Re3 Nh5 26. Nc3 Bf6 27. Be2 Qg5 28. Rf3 c4 29. Bxc4 Be7 30. Rdf1 Bc5+ 31. Kh1 Rf4 32. g3 Rxf3 33. Rxf3 Kg7 34. Nxa4 Bd4 35. d6 cxd6 36. Bd5 Rd8 37. Qc7+ Kh8 38. Nxb6 Bxb6 39. Qxb6 1-0

[Event "GER-ch 68th"]
[Site "Dudweiler"]
[Date "1996.??.??"]
[Round "6"]
[White "Klemm, Dietmar"]
[Black "Haist, Wolfgang"]
[Result "1-0"]
[WhiteElo "2220"]
[BlackElo "2260"]
[PlyCount "89"]
[EventDate "1996.11.26"]
[EventType "swiss"]
[EventRounds "9"]
[EventCountry "GER"]
[SourceTitle "CBM 055 Extra"]
[Source "ChessBase"]
[SourceDate "1997.01.01"]
[SourceVersion "1"]
[SourceVersionDate "1997.01.01"]
[SourceQuality "1"]

1. d4 Nf6 2. Nf3 g6 3. g3 Bg7 4. Bg2 0-0 5. 0-0 d6 6. c4 Nbd7 7. Nc3 e5 8. e4 exd4 9. Nxd4 Re8 10. Re1 a6 11. Rb1 Rb8 12. h3 Ne5 13. b3 c5 14. Nc2 Nc6 15. Bb2 b5 16. cxb5 axb5 17. f4 Nh5 18. Kh2 Nd4 19. Nd5 Bb7 20. Bxd4 cxd4 21. Qd3 Qa5 22. b4 Qxa2 23. Nxd4 Bxd5 24. exd5 Qf2 25. Nc2 Nxg3 26. Qxg3 Qxc2 27. Rbc1 Qd2 28. Red1 Qxb4 29. Rc6 Ra8 30. Rd3 Bh6 31. Rf3 Ra3 32. f5 Rxf3 33. Qxf3 Qf4+ 34. Qxf4 Bxf4+ 35. Kg1 Rb8 36. f6 b4 37. Be4 Kf8 38. Bc2 Ke8 39. Ba4 Kd8 40. Bb3 Be5 41. Kg2 Bxf6 42. Rxd6+ Ke7 43. Ra6 Be5 44. Kf3 f5 45. Re6+ 1-0

[Event "Wuerttemberg-ch"]
[Site "Germany"]
[Date "1995.??.??"]
[Round "2"]
[White "Dittmar, Peter"]
[Black "Haist, Wolfgang"]
[Result "1/2-1/2"]
[WhiteElo "2355"]
[BlackElo "2275"]
[PlyCount "55"]
[EventDate "1995.??.??"]
[EventType "swiss"]
[EventRounds "9"]
[EventCountry "GER"]
[SourceTitle "EXT 1998"]
[Source "ChessBase"]
[SourceDate "1997.11.17"]
[SourceVersion "1"]
[SourceVersionDate "1997.11.17"]
[SourceQuality "1"]

1. e4 c5 2. c3 Nf6 3. e5 Nd5 4. d4 cxd4 5. Qxd4 e6 6. Nf3 Qc7 7. Nbd2 Nc6 8. Qe4 b6 9. Bd3 Bb7 10. 0-0 f5 11. exf6 gxf6 12. Nc4 0-0-0 13. a4 f5 14. Qe2 Rg8 15. Rd1 Bc5 16. Na3 Nf4 17. Bxf4 Qxf4 18. Ba6 Qg4 19. Bxb7+ Kxb7 20. g3 f4 21. Kg2 fxg3 22. fxg3 d5 23. Nb5 e5 24. b4 Be7 25. a5 a6 26. axb6 axb5 27. Qxb5 Qc4 28. Rxd5 1/2-1/2

[Event "Bad Ragaz op"]
[Site "Bad Ragaz"]
[Date "1994.??.??"]
[Round "6"]
[White "Polzin, Rainer"]
[Black "Haist, Wolfgang"]
[Result "1-0"]
[WhiteElo "2375"]
[BlackElo "2275"]
[PlyCount "53"]
[EventDate "1994.04.??"]
[EventType "swiss"]
[EventRounds "9"]
[EventCountry "SUI"]
[SourceTitle "EXT 1997"]
[Source "ChessBase"]
[SourceDate "1996.11.15"]
[SourceVersion "1"]
[SourceVersionDate "1996.11.15"]
[SourceQuality "1"]

1. g3 e5 2. Bg2 Nf6 3. Nf3 Nc6 4. 0-0 Be7 5. d4 e4 6. Ne5 d5 7. c4 Be6 8. Nc3 dxc4 9. Nxc6 bxc6 10. Nxe4 0-0 11. Ng5 Bf5 12. Bxc6 Rb8 13. Bg2 Qd7 14. Nf3 Ne4 15. Ne5 Qd6 16. g4 Bg6 17. f4 f5 18. Bxe4 fxe4 19. f5 Qd5 20. fxg6 Rxf1+ 21. Kxf1 Rf8+ 22. Kg1 c5 23. Be3 Rd8 24. Qf1 Rf8 25. gxh7+ Kxh7 26. Qh3+ Kg8 27. Ng6 1-0

[Event "Wuerttemberg-ch"]
[Site "Schramberg"]
[Date "1993.??.??"]
[Round "7"]
[White "Froehlich, Peter"]
[Black "Haist, Wolfgang"]
[Result "1-0"]
[WhiteElo "2215"]
[BlackElo "2265"]
[PlyCount "63"]
[EventDate "1993.??.??"]
[EventType "swiss"]
[EventRounds "9"]
[EventCountry "GER"]
[SourceTitle "GER"]
[Source "ChessBase"]
[SourceDate "1999.07.01"]
[SourceVersion "1"]
[SourceVersionDate "1999.07.01"]
[SourceQuality "1"]

1. Nf3 Nf6 2. c4 g6 3. d4 Bg7 4. g3 0-0 5. Bg2 d6 6. 0-0 Nbd7 7. Nc3 e5 8. h3 exd4 9. Nxd4 a6 10. b3 Rb8 11. Bb2 Re8 12. Re1 Ne5 13. f4 c5 14. Nc2 Nc6 15. Qc1 Bd7 16. Nd5 b5 17. Nce3 Nd4 18. Nxf6+ Bxf6 19. Kf2 bxc4 20. Nxc4 Bb5 21. e3 Nf5 22. Bxf6 Qxf6 23. Bd5 Bxc4 24. Bxc4 Nxe3 25. Rxe3 Qd4 26. Rb1 d5 27. Bf1 c4 28. Kf3 Re4 29. Qc3 Qc5 30. Rxe4 dxe4+ 31. Kg2 Rd8 32. Bxc4 1-0